000 00982njm a22002297a 4500
003 BCEG
005 20260326124049.0
007 sd zszg|||z|ee
008 260326q2010 mx ||n|g||||| 00| spa d
040 _aBCEG
_bspa
_cBCEG
084 _aCDR456
245 0 0 _aAcervo sonoro de Chiapas
_b: música de la colección Thomas Stanford
_h[DVD-ROM].
260 _aMéxico :
_bInstituto Nacional de Antropología e Historia
_b: Consejo Nacional para la Cultura y las Artes,
_c[2010].
300 _a1 DVD-ROM, son.
_b: digital, estéreo.
500 _aIncluye texto, imágenes y audios.
505 _t1. Introducción --
_t2. Estudio --
_t3. Galería --
_t4. Acervo sonoro.
600 1 4 _aStanford, Thomas,
_d1929-2018.
650 1 4 _aMúsica popular mexicana
_vMateriales de audio.
650 1 4 _aIndios de México
_xVida social y costumbres
_vMateriales audiovisuales
_vMateriales de enseñanza
_vMateriales electrónicos.
700 1 _aTorres Medina, Violeta Leticia,
_eed.
942 _cDVDROM
999 _c437143
_d437143